Luật lệ trọng tài kinh tế - thương mại kinh tế các nước và quốc tế = Law and regulations of commercial arbitration of nations and international arbitrations
שמור ב:
| פורמט: | ספר |
|---|---|
| שפה: | Undetermined |
| יצא לאור: |
Tp. HCM
Nxb. Tp. HCM
1993
|
| נושאים: | |
| תגים: |
הוספת תג
אין תגיות, היה/י הראשונ/ה לתייג את הרשומה!
|
| Thư viện lưu trữ: | Trung tâm Học liệu Trường Đại học Cần Thơ |
|---|
| LEADER | 00602nam a2200157Ia 4500 | ||
|---|---|---|---|
| 001 | CTU_5905 | ||
| 008 | 210402s9999 xx 000 0 und d | ||
| 082 | |a 341.522 | ||
| 082 | |b L504/T2 | ||
| 245 | 0 | |a Luật lệ trọng tài kinh tế - thương mại kinh tế các nước và quốc tế | |
| 245 | 0 | |b = Law and regulations of commercial arbitration of nations and international arbitrations | |
| 260 | |a Tp. HCM | ||
| 260 | |b Nxb. Tp. HCM | ||
| 260 | |c 1993 | ||
| 650 | |a commercial law,international economic relations | ||
| 980 | |a Trung tâm Học liệu Trường Đại học Cần Thơ | ||